Normal view MARC view
  • Igualdad de oportunidades en educación

Entry Materia

Number of records used in: 70

001 - NÚMERO DE CONTROL DEL REGISTRO

  • campo de control: 5950

003 - IDENTIFICADOR DE NUMERO DE CONTROL

  • campo de control: MX-MxUPN

005 - FECHA Y HORA DE LA ÚLTIMA TRANSACCIÓN

  • campo de control: 20250207121202.0

008 - DATOS DE LONGITUD FIJA

  • campo de control de longitud fija: 230208dn fnnnnbabd n ana |d

035 ## - NÚMERO DE CONTROL DEL SISTEMA

  • Número de control del sistema: UPN10000005950

040 ## - FUENTE DE LA CATALOGACIÓN

  • Centro catalogador de origen: MX-MxUPN
  • Lengua de catalogación: spa
  • Agencia de transcripción: MX-MxUPN

150 ## - ENCABEZAMIENTO - TEMÁTICO

  • Término de materia o nombre geográfico como elemento inicial: Igualdad de oportunidades en educación
  • Subdivisión geográfica: México

670 ## - FUENTE EN LA QUE SE LOCALIZARON DATOS

  • Cita de la fuente: LEMB, 1996
  • Información localizada: página 560 (Igualdad de oportunidades en educación - América Latina)

902 ## - CATALOGADOR

  • Catalogador: CAA/270502
  • Catalogador: VíctorGodínez/080223/M